| 000 | 00855cab a2200265 4500 | ||
|---|---|---|---|
| 001 | WB3323-38 | ||
| 008 | 090401t1997 xxu||||| |||| 00| 0 eng d | ||
| 035 | _a(Sirsi) u78861 | ||
| 041 | _aeng | ||
| 245 | _aBuyer beware | ||
| 260 | _c1997 | ||
| 350 | _a0 | ||
| 490 |
_aSunday Telegraph _v8 June 1997, 25(1) |
||
| 520 | _aImproper practice by estate agents is on the increase in the current housing boom. Warns of `scams` such as ring fencing, gazumping, the agent buyer, backhanders from developers, unadvertised repossessions, and fly posting. | ||
| 650 | _aBAD PRACTICE | ||
| 650 | _aESTATE AGENTS | ||
| 650 | _aFLY POSTING | ||
| 650 | _aGAZUMPING | ||
| 650 | _aHOUSEBUYING | ||
| 650 | _aREPOSSESSION | ||
| 650 | _aRING FENCING | ||
| 690 | _aMANAGEMENT-BUSINESS MANAGEMENT-PROFESSIONAL PRACTICE | ||
| 942 | _n0 | ||
| 948 | _c11/06/1997 | ||
| 999 |
_c49563 _d49563 |
||